Anagram Word Stairs IV Quiz Stats

Quiz Updated Nov 17, 2016

Challenge
Share
Tweet
Embed
Score 0/27 Timer 04:00
46 Plays Today
Hint Answer % Correct
Circled letter in registered trademark symbolR
98.8%
American medical TV dramaER
96.8%
Sensory organEar
96.5%
Roman numeral for 500D
95.6%
Homer Simpson's wifeMarge
95.3%
Chemical symbol for UraniumU
93.8%
'____ Another Day', Bond filmDie
93.2%
'Love Will Tear ____ Apart', Joy Division songUs
92.9%
Wood, Begley or SheeranEd
92.7%
Take to courtSue
89.9%
Reduce, ____, RecycleReuse
88.6%
Light bulb-triggering thoughtIdea
88.6%
'Metal ____ Solid', video gameGear
86.2%
Trick or diversionRuse
77.6%
Hint Answer % Correct
Optical illusionMirage
77.2%
Disney film based on a mythological Greek heroHercules
76.4%
Last name of singer and 'Yentl' star BarbraStreisand
74.6%
Facial expression indicating pain or disgustGrimace
72.4%
English university town located on the river CamCambridge
67.3%
Elevated or brought upRaised
51.5%
'Flirting with ____', Ben Stiller filmDisaster
50.7%
Hermit, loner or misanthropeRecluse
50.1%
Unit of mass equal to 1/10th of a gramDecigram
46.1%
Safe or protectedSecure
38.1%
Apart or in reserveAside
29.1%
Surname of writer David and comedian AmySedaris
24.4%
Small room in which a body is laid to restSepulchre
10.4%

You're not logged in!

Compare scores with friends on all Sporcle quizzes.
Join for Free
OR
Log In

You Might Also Like...

Show Comments

Extras

Top Quizzes Today


Score Distribution

Your Account Isn't Verified!

In order to create a playlist on Sporcle, you need to verify the email address you used during registration. Go to your Sporcle Settings to finish the process.

Report this User

Report this user for behavior that violates our Community Guidelines.

Details: